| 000 | 01634nam a22002655i 4500 | ||
|---|---|---|---|
| 001 | 153734 | ||
| 003 | ES-MaACL | ||
| 005 | 20250827062628.0 | ||
| 008 | 970818s1890 sp |||| | spa d | ||
| 040 |
_aCLM _bspa _cCLM |
||
| 110 | 1 |
_aEspaña _93622 |
|
| 240 | 1 | 0 | _a[Leyes, etc. de minas] |
| 245 | 1 | 3 |
_aLa legislación minera _b: colección completa de leyes, reglamentos, reales órdenes y demás resoluciones complementarias dictadas para su ejecución, de la jurisprudencia civil, administrativa y contenciosa y de cuantas disposiciones se refieren á la adquisición, explotación, desagüe y tributación de las minas / _ccompilada y anotada y con una introducción expositivo-crítica de los sistemas acerca del fundamento de esta propiedad, é historia de nuestra legislación minera por Ramón Sánchez de Ocaña y Máximo Sánchez de Ocaña. |
| 260 |
_aMadrid : _b[s.n.], _c1890 ( _fImprenta de Enrique Maroto y hermano) |
||
| 300 |
_a702 p. ; _c24 cm. |
||
| 490 | 1 | _aManual del abogado y del ingeniero de minas | |
| 530 | _aDisponible en formato digital. | ||
| 650 |
_aMinas- _xDerecho y legislación- _zEspaña. _9175982 |
||
| 700 | 1 |
_aSánchez de Ocaña, Ramón. _9102594 |
|
| 700 | 1 |
_aSánchez de Ocaña, Máximo. _9133027 |
|
| 830 | 0 |
_aManual del abogado y del ingeniero de minas _9221438 |
|
| 852 |
_aES-MaACL _jB-7983 _z-- Enc. hol. _z-- Sello de la Direccion Genral de Agricultura, Industria y Comercio, Servicio Estadístico Minero _zLegado de Federico de Botella y de Hornos |
||
| 856 |
_uhttp://bdh-rd.bne.es/viewer.vm?id=0000045549&page=1 _zBiblioteca Digital Hispánica |
||
| 999 |
_c153734 _d153734 |
||